| 000 | 00619nam a22001937a 4500 | ||
|---|---|---|---|
| 005 | 20251108173354.0 | ||
| 008 | 250721s2006 xx 000 0 ara d | ||
| 082 | 1 | 4 | _a371.33/ فرا |
| 100 | 1 | _aالفراجي، هادي أحمد | |
| 245 | 1 | 0 | _aالأنشطة و المهارات التعليمية / |
| 264 | 1 |
_aعمان : _bكنوز المعرفة للنشر و التوزيع، _c2006. |
|
| 300 | _a384ص. | ||
| 650 | 1 | 7 | _aمهارات التدريس |
| 650 | 1 | 7 | _aالتعلم |
| 650 | 1 | 7 | _aالنشاطات |
| 700 | 1 | _aأبو سل، موسى عبد الكريم | |
| 942 |
_2ddc _cBK |
||
| 999 |
_c102379 _d102379 |
||